LIBRARY & INFORMATION CENTRE, KCAET, TAVANUR

ONLINE PUBLIC ACCESS CATALOGUE (OPAC)

Engineering mechanics: statics and dynamics / (Record no. 221)

MARC details
000 -LEADER
fixed length control field 00599cam a2200229ua 4500
041 ## - LANGUAGE CODE
Language code of text/sound track or separate title eng
082 ## - DEWEY DECIMAL CLASSIFICATION NUMBER
Classification number 620.101
Item number SHA/EN
100 ## - MAIN ENTRY--AUTHOR NAME
Personal name Shames, Irving H.
245 ## - TITLE STATEMENT
Title Engineering mechanics: statics and dynamics /
250 ## - EDITION STATEMENT
Edition statement 16 /
260 ## - PUBLICATION, DISTRIBUTION, ETC. (IMPRINT)
Place of publication New Delhi :
Name of publisher Pearson Education Asia ,
Year of publication 1996.
300 ## - PHYSICAL DESCRIPTION
Number of Pages 1024 ; .
650 ## - SUBJECT ADDED ENTRY--TOPICAL TERM
Topical Term Engineering mathematics
942 ## - ADDED ENTRY ELEMENTS (KOHA)
Koha item type Books
Holdings
Withdrawn status Lost status Damaged status Home library Current library Date acquired Full call number Accession Number Koha item type
      KAUAET KAUAET 07/04/2012 620.101 19223 Books
      KAUAET KAUAET 07/04/2012 620.101 10859 Books
      KAUAET KAUAET 07/04/2012 620.101 22278 Books
      KAUAET KAUAET 07/04/2012 620.101 22279 Books
free website counter